| 000 | 00496nam a2200181Ia 4500 | ||
|---|---|---|---|
| 008 | 240925s9999 xx 000 0 und d | ||
| 020 | _a9789332518353 | ||
| 082 | _a658.049 DER | ||
| 100 | _aDeresky, Helen. | ||
| 245 | 0 | _aInternational Management: managing across borders and cultures | |
| 250 | _a8th | ||
| 260 |
_aNew Delhi: _bPearson Education _c,2014. |
||
| 300 |
_axviii,498p. _b0 _fOriginal |
||
| 500 | _aIncludes Index | ||
| 600 | _aManagement | ||
| 650 | _aManagement | ||
| 942 | _cBK | ||
| 999 |
_c14652 _d14652 |
||